Quizzes
Events
Quiz Creation
Community
Videos
Private Events
Remove Ads
Sign In
Join for FREE
Feedback
Dark Mode
Quiz Categories
Sports
Geography
Music
Movies
Television
Just For Fun
Miscellaneous
History
Literature
Language
Science
Gaming
Entertainment
Religion
Holiday
For Kids
Quiz Lab
Recent
Popular Today
Quiz Kudos Today
Editor Picks
Curator Picks
Quizzes by...
Day
Popularity
Type
Ratings
Length
Year
Community
Subscriptions
Recent Discussions
Orange Saloon
Badges
Playlists
Quests
Create
Leaderboards
Showdown
Live 5
Trivia Bingo
Activity
Puzzle Library
Sporcle Events
Private Events
Virtual Trivia
Globe League
Become a Host
Pub Owners
SporcleCon
Opinionation
Our Games
Videos
Blog
Mobile Apps
Partnerships
Remove Ads and Go Orange
Feedback
Miscellaneous
Crossword
General Knowledge
Baby Names
Logo
Food
Cars
Numbers
Grab Bag
University
College
Popular
Company
Slogans
Restaurants
Justice
Letter
Miscellaneous
Crossword
General Knowledge
Baby Names
Logo
Food
Cars
Numbers
Grab Bag
University
College
Popular
Company
Slogans
Restaurants
Justice
Letter
Random Quiz
Search Sporcle
×
Quiz Lab
Quiz Lab
Miscellaneous
Key
Type in answers that appear in a list
Type in answers that appear in a list
Classic
Best Score? Go Orange.
Dvorak Simplified Keyboard Stats
Can you name the Dvorak Keyboard Layout compared to QWERTY?
By
arcturusnfshp
3m
53 Questions
90 Plays
90 Plays
90 Plays
Comments
Comments
Give Quiz Kudos
Give Quiz Kudos
-
- Ratings
hide this ad
More Info
Forced Order
Answers have to be entered in order
Answers have to be entered in order
Replay
Link that replays current quiz
Next Quiz
Link to next quiz in quiz playlist
You Got
0%
They Got
Avg Score
59%
Avg Friend Score
Upgrade to see
Score Distribution
Jump to the score distribution portion of the page
Score
0/53
Timer
03:00
0
Plays Today
QWERTY key
DVORAK key
% Correct
1
1
96.7%
2
2
96.7%
3
3
96.7%
4
4
96.7%
5
5
96.7%
6
6
96.7%
7
7
96.7%
8
8
96.7%
9
9
96.7%
0
0
95.6%
`
`
90%
q
'
63.3%
[Backspace]
[Backspace]
61.1%
[Tab]
[Tab]
60%
w
,
58.9%
e
.
56.7%
=
]
55.6%
r
P
53.3%
a
A
53.3%
t
Y
52.2%
y
F
52.2%
u
G
52.2%
-
[
51.1%
s
O
51.1%
d
E
51.1%
f
U
51.1%
g
I
51.1%
QWERTY key
DVORAK key
% Correct
j
H
51.1%
i
C
50%
[
?
50%
k
T
50%
l
N
50%
'
-
50%
o
R
48.9%
p
L
48.9%
;
S
48.9%
[Caps Lock]
[Caps Lock]
47.8%
h
D
47.8%
[Enter/
Return]
[Enter/Return]
47.8%
[Shift]
[Shift]
47.8%
x
Q
46.7%
c
J
46.7%
m
M
46.7%
]
=
45.6%
b
X
45.6%
,
W
45.6%
.
V
45.6%
[backslash] (type: backslash)
[backslash]
44.4%
z
;
44.4%
v
K
44.4%
?
Z
44.4%
n
B
43.3%
[Shift]
[Shift]
43.3%
Quiz Playlist
Details
Report
Send in Message
Add To Playlist
More Info:
You get a freebie. In the DVORAK keyboard, the [X] key is in the place where the [B] key is on the QWERTY keyboard. It works like that.
Classic:
Type in answers that appear in a list
Forced Order:
Answers have to be entered in order
Last Updated: Feb 16, 2017
Quiz Scoreboard
CHALLENGE
Sign Up to Join the Scoreboard
Show All
Scores
Hide
Comments
May contain spoilers
Recently Published
TV Characters by Other Roles V
by ghcgh
Television
5m
Decade Duel: World Leaders
by jenniferyan
History
4m
Alphabetical 'K' Countries by Flag Minefield
by ylime102
Geography
3m
More to Explore
Quiz From the Vault
Featured Blog Post
15 Basketball Trivia Facts You Can Be March Mad About
hide this ad
You Might Also Like...
Tags
Compared
Dvorak
Key
Keyboard
Layout
Qwerty
Simplified
Today's Top Quizzes in Miscellaneous
Browse Miscellaneous
hide this ad
Today's Top Quizzes in Key
Browse Key
Top Contributed Quizzes in Miscellaneous
1
The JOE quick-fire general knowledge quiz: Day 166
2
Spring Months consonants
3
Pick 6: Supreme Pizza
4
The JOE quick-fire general knowledge quiz: Day 165
5
Pick 6: Vegetables
6
Four Seasons
7
Pick 6: University Mascots
8
Guess the 'S' Things in 3 Words
9
Sporcle Acrostic Puzzle XXXV
10
The JOE quick-fire general knowledge quiz: Day 164
Explore More
Trending Topics
Marvel
Anime
Disney
Harry Potter
NBA
Crossword
Kpop
WWE
The Office
Soccer
Pokémon
NFL
Puzzle
Song
Country
hide this ad
More By:
arcturusnfshp
Quiz
Plays
Rating
Category
Featured
Created
The Sadistic PokeQuiz (Gen I)
5,451
4.33
Gaming
Sep 27, 2009
Pokemon (Gen I) in Order
3,428
4.52
Gaming
Sep 26, 2009
Pokemon Snap Specials
351
3.50
Gaming
Feb 3, 2010
Dvorak Simplified Keyboard
90
1.00
Miscellaneous
Feb 3, 2010
Go to Creator's Profile
Score Distribution
Quiz Creator Spotlight
arcturusnfshp
Follow
Send a Message
Quizzes Created
-
Created Quiz Play Count
-
More By This Creator
Popular Quizzes Today
1
Countries of Asia Without Outlines Minefield
2
Find the US States - No Outlines Minefield
3
Pick 6: Fruits
4
The Countries of the World
5
Alphabetical 'K' Countries by Flag Minefield
6
Find the Countries of Europe - No Outlines Minefield
7
US States
8
Find the US States
More Miscellaneous Quizzes
9-Letter Sorting Gallery IV
Quiz Lab
Trending Quizzes
Pick 6: Mountains
Pick 6: Harry Potter
Pick 6: Flags
Pick 6: NFL Teams
Pick 6: Movie Franchises
Recently Updated
Adaptations: Name the Title
pecheneg
NWSL Teams
pecheneg
Women's Final Four Teams by Year
bhenderson79
Presidents Quartet II
eogle
Anything But Clue(do)
eogle
Anything But Oceanian Capitals
eogle
Anything But 7
eogle
Anything But Thing
eogle
Word Ladder: February 29
pecheneg
Song Title Questions
pecheneg
Trending Topics
NBA
Harry Potter
Marvel
Kpop
Crossword
Anime
Disney
The Office
Puzzle
WWE
Song
Pokémon
NFL
Country
Soccer
Your Account Isn't Verified!
In order to create a playlist on Sporcle, you need to verify the email address you used during registration. Go to your
Sporcle Settings
to finish the process.
Report this User
Report this user for behavior that violates our
Community Guidelines
.
Details:
Send Report
Go to the Sporcle.com Mobile Site →
Comments